000
00280nam a22001217a 4500
008
181101b xxu||||| |||| 00| 0 eng d
041
_a
eng
080
_2
3TH
_a
370
100
_a
48
101
_a
EDU
245
_a
The Bedford Handbook For Writers
_c
Diana.H
942
_2
udc
_c
BK
999
_c
51497
_d
51497